000 00596nam a2200193 i 4500
001 37386
003 ES-MaACL
005 20230906155550.0
007 t|
008 030221s1971 sp ||||1| spa d
100 1 _aBurckhardt, Titus.
_932585
245 1 0 _aAlquimia
_b: significado e imagen del mundo /
_cTitus Burckhardt ; [traducción de Ana Mª de la Fuente].
250 _a[1ª ed.].
260 _aBarcelona :
_bPlaza & Janés,
_c[1971]
300 _a265 p. ;
_c22 cm.
650 4 _aAlquimia.
_99742
700 1 _aFuente, Ana María de la.
_952831
852 _aES-MaACL
_jC-47481
_bR.76268
999 _c37386
_d37386